| 000 | 01331nam0a2200301 4500 | ||
|---|---|---|---|
| 001 | RU\NLR\bibl\1301799 | ||
| 005 | 20250615151258.0 | ||
| 010 |
_a978-5-87317-479-9 _92000 |
||
| 021 |
_aRU _b2008-81286 _94725 |
||
| 035 | _a(NLR Aleph) 001287380 | ||
| 090 |
_a537444 _c537444 |
||
| 100 | _a20081202d2008 |||y0rusy50 ca | ||
| 101 | 0 | _arus | |
| 102 | _aRU | ||
| 105 | _aac ||||||||| | ||
| 200 | 1 |
_aСтрана ББС _fЕкатерина Каликинская |
|
| 210 |
_aМосква _cАвторская академия _cТоварищество научных изданий КМК _d2008 |
||
| 215 |
_a534 с. _cил., портр. _d25 |
||
| 601 | 0 | 2 |
_aБеломорская биологическая станция им. Н.А. Перцова _cст. Пояконда, Мурманская ж.д. _92447430 _3RU\NLR\auth\661455453 |
| 686 | _aЕ082.401(912.2)е(2)л4 | ||
| 700 | 1 |
_4070 _7ca _8rus _aКаликинская _bЕ. И. _f1961- _gЕкатерина Игоревна _9171045 _3RU\NLR\AUTH\770171095 |
|
| 801 | 0 |
_aRU _bNLR _c20081202 _gRCR |
|
| 801 | 1 |
_aRU _bNLR _c20081202 |
|
| 942 | _cBOOK | ||
| 980 | _aNB | ||